LDR 00719naa#a2200169#i#450# 001 RU\\bibl\119758 005 20260418045712.6 011 ## _a2782-4586 100 ## _a20260331b2026####ek#y0rusy0150####ca 102 ## _aRU 200 1# _aТеоретические основы концепции корпоративной социальной ответственности _eЖурнальная статья 210 1# _aМосква _cУниверситет ИТБО _d2026 215 ## _a8 с. 608 ## _aЖурнальная статья _2local 675 ## _aЭкономические науки в целом. Политическая экономия. 330 _z 700 #1 _aЕфимов _gОлег Валерьевич 856 4# _ajomeam.ru _u